| 000 | 00627nam a2200217 i 4500 | ||
|---|---|---|---|
| 001 | bg | ||
| 100 | 1 | _aSKRZYPEK, Elżbieta | |
| 245 | 1 | 0 |
_aJakość i efektywność / _cElżbieta Skrzypek. |
| 260 |
_aLublin : _bWydaw. Uniwersytetu Marii Curie-Skłodowskiej, _c2002. |
||
| 300 |
_a319 s. ; _c25 cm. |
||
| 504 | _aBibliogr. | ||
| 650 | 9 | _aZarządzanie jakością | |
| 020 | _a8322716265 | ||
| 040 | _cBPK | ||
| 041 | 0 | _apol | |
| 080 | _a658.56.012.4 | ||
| 920 | _a83-227-1626-5 | ||
| 942 | _cKS | ||
| 008 | s pl f |000 0 pol | ||
| 999 |
_c45719 _d45719 |
||
| 856 |
_uhttp://koha.tu.koszalin.pl/cgi-bin/koha/opac-detail.pl?biblionumber=45719 _yKatalog online BPK |
||